| 000 | 01175nam0a22003131 4500 | ||
|---|---|---|---|
| 001 | RU\INFOCOMM_322\NLR\5000220618 | ||
| 005 | 20250613112033.0 | ||
| 035 | _a(NLR Aleph) 009601956 | ||
| 090 |
_a9316546 _c9316546 |
||
| 100 | _a20130311d1982 |||y0rusy50 ca | ||
| 101 | 0 | _aeng | |
| 102 | _aRU | ||
| 105 | _ay z ||||| | ||
| 200 | 1 |
_aMass composition of the primary cosmic radiation in the energy interval 10¹⁵-10¹⁷ eV, derived from the Tien Shan and AKENO EAS data _fS. I. Nikolsky, J. N. Stamenov |
|
| 210 |
_aM. _d1982 |
||
| 215 |
_a18 с. _cил. _d20 см |
||
| 225 | 1 |
_aPreprint _fАкад. наук СССР, Физ. ин-т им. П. Н. Лебедева _hH 178 _iHigh energy physics and cosmic rays |
|
| 320 | _aБиблиогр.: с. 18 | ||
| 606 | 0 |
_aКосмические лучи _xПервичное излучение _2nlr_sh1 |
|
| 620 | _aМосква | ||
| 686 |
_aВ632.52 _2rubbk |
||
| 700 | 1 |
_9z01790 _aNikol'skij _bS. I. _gSergej Ivanovič |
|
| 701 | 1 |
_aStamenov _bJ. N. |
|
| 790 | 1 |
_9z01700 _aNikolsky _bS. I. _4070 |
|
| 801 | 1 |
_aRU _bInfocomm _c20130311 |
|
| 801 | 0 |
_aRU _bINFOCOMM _gPSBO |
|
| 852 |
_aNLR _jА01 Д-4/235 |
||
| 942 | _cBOOK | ||
| 980 | _aNB | ||